Bezpečnostní a strategická kultura USA v letech 2001-2008
Bezpečnostná a strategická kultúra USA v období, keď funkciu prezidenta zastával George W. Bush. Charakteristika pojmov bezpečnosť, bezpečnostná kultúra, stratégia a strategická kultúra. Militarizmus a unilateralizmus. Politické východiská bezpečnostnej kultúry USA v rokoch 2001-2008. Kľúčové strate...
Guardado en:
| Autor principal: | |
|---|---|
| Formato: | Capítulo de libro |
| Lenguaje: | checo |
| Materias: | |
| Etiquetas: |
Sin Etiquetas, Sea el primero en etiquetar este registro!
|
MARC
| LEADER | 00000naa$a2200000$$$4500 | ||
|---|---|---|---|
| 001 | 0115212 | ||
| 005 | 20231016101117.3 | ||
| 041 | 0 | |a cze | |
| 044 | |a CZ | ||
| 245 | 1 | 0 | |a Bezpečnostní a strategická kultura USA v letech 2001-2008 |c Jan Eichler |
| 520 | |a Bezpečnostná a strategická kultúra USA v období, keď funkciu prezidenta zastával George W. Bush. Charakteristika pojmov bezpečnosť, bezpečnostná kultúra, stratégia a strategická kultúra. Militarizmus a unilateralizmus. Politické východiská bezpečnostnej kultúry USA v rokoch 2001-2008. Kľúčové strategické dokumenty Bushovej administratívy. Národná bezpečnostná stratégia 2002. Operácia Iracká sloboda ako bojový test bezpečnostnej a strategickej kultúry USA. Rozmiestnenie ozbrojených síl USA vo svete. Národná obranná stratégia 2008. | ||
| 610 | 2 | 0 | |a bezpečnosť |
| 610 | 2 | 0 | |a kultúra |
| 610 | 2 | 0 | |a sily ozbrojené |
| 610 | 2 | 0 | |a politika zahraničná |
| 610 | 2 | 0 | |a vzťahy medzinárodné |
| 610 | 2 | 0 | |a terorizmus |
| 610 | 2 | 0 | |a vojny |
| 610 | 2 | 0 | |a konflikty |
| 610 | 2 | 0 | |a USA |
| 100 | 1 | |a Eichler, Jan | |